UK Residential Market Survey (Record no. 121856)
[ view plain ]
| 000 -LEADER | |
|---|---|
| fixed length control field | 02113nam a22002177a 4500 |
| 001 - CONTROL NUMBER | |
| control field | 121856 |
| 008 - FIXED-LENGTH DATA ELEMENTS--GENERAL INFORMATION | |
| fixed length control field | 240126e20240314xxk|||||o|||| 00| 0 eng d |
| 041 ## - LANGUAGE CODE | |
| Language code of text/sound track or separate title | eng |
| 110 ## - MAIN ENTRY--CORPORATE NAME | |
| Corporate author | Royal Institution of Chartered Surveyors |
| 245 ## - TITLE STATEMENT | |
| Title | UK Residential Market Survey |
| Subtitle | February 2024 |
| Medium | [Electronic resource] |
| 260 ## - PUBLICATION INFORMATION | |
| Place of publication | London, |
| Publisher | Royal Institution of Chartered Surveyors, |
| Date | March 2024 |
| 300 ## - PHYSICAL DESCRIPTION | |
| Physical description | 19p |
| 490 ## - SERIES TITLE | |
| Series statement | RICS UK Residential Market Survey |
| 520 ## - ABSTRACT | |
| Abstract | The February 2024 RICS UK Residential Survey shows a more upbeat picture for sales than was the case for most of last year. Near outlook is still cautious, in part due to the suspicion that the recent easing in mortgage rates is likely to stall on the back of ongoing uncertainty about the timing and speed of interest rate reductions.<br/><br/>At the UK level, new buyer enquiries stayed positive for the second successive month (+6% net balance) showing a continued upwards trend in buyer demand. Looking at regions across the UK, most have now shown a recovery in buyer interest over the last two months.<br/><br/>Agreed sales were flat in February (-3% net balance) and although this is less positive than in January it still signals a stronger trend in sales than was evident in most of the last 12 months (average net balance of -22%). Looking ahead, the sales expectations for the near term are positive, and sales activity is expected to gain further momentum over the coming year (net balance +42%) In addition, respondents across all UK regions/countries foresee residential sales activity picking up over the longer-term time horizon. Interestingly, one of the more noteworthy developments to come through in the February survey was a solid rise being reported in new instructions to sell. |
| 650 ## - KEYWORDS | |
| Keywords | HOUSING MARKET |
| 650 ## - KEYWORDS | |
| Keywords | RESIDENTIAL PROPERTY |
| 651 ## - SUBJECT ADDED ENTRY--GEOGRAPHIC NAME | |
| Geographic name | United Kingdom |
| 710 ## - ADDED CORPORATE NAME | |
| Added corporate author | Royal Institution of Chartered Surveyors |
| 856 ## - ONLINE RESOURCE | |
| Uniform Resource Identifier | <a href="https://www.rics.org/content/dam/ricsglobal/documents/market-surveys/uk-residential-market-survey/February-2024_RICS-UK-Residential-Market-Survey.pdf">https://www.rics.org/content/dam/ricsglobal/documents/market-surveys/uk-residential-market-survey/February-2024_RICS-UK-Residential-Market-Survey.pdf</a> |
| Public note | Available free on RICS.org |
| 942 ## - ADDED ENTRY ELEMENTS (KOHA) | |
| Suppress in OPAC | Do not suppress in OPAC |
| Lost status | Source of classification or shelving scheme | Damaged status | Not for loan | Current library | Shelving location | Date acquired | Total Checkouts | Full call number | Date last seen | Price effective from | Koha item type |
|---|---|---|---|---|---|---|---|---|---|---|---|
| Dewey Decimal Classification | Virtual | Online | 15/03/2024 | MARKET DATA | 15/03/2024 | 15/03/2024 | Online material |